Maires de Marseille - Depuis la Ve République - Statistiques

Statistiques générales
  • Ce quiz a été pris 26 fois
    25 depuis la dernière actualisation
  • Le résultat moyen est 12 sur 15
Statistiques - réponses
Dates du mandat Maire de Marseille % Correct
25/06/1995 - 25/03/2001 Jean-Claude GAUDIN
100%
25/03/2001 - 21/03/2008 Jean-Claude GAUDIN
100%
21/03/2008 - 30/03/2014 Jean-Claude GAUDIN
100%
30/03/2014 - 04/07/2020 Jean-Claude GAUDIN
100%
21/12/2020 - 22/03/2026 Benoît PAYAN
88%
09/05/1953 - 17/03/1959 Gaston DEFFERRE
88%
17/03/1959 - 27/03/1965 Gaston DEFFERRE
88%
27/03/1965 - 26/03/1971 Gaston DEFFERRE
88%
26/03/1971 - 31/03/1977 Gaston DEFFERRE
88%
31/03/1977 - 01/04/1983 Gaston DEFFERRE
88%
01/04/1983 - 07/05/1986 Gaston DEFFERRE
88%
04/07/2020 - 20/12/2020 Michèle RUBIROLA
65%
17/05/1986 - 24/03/1989 Robert VIGOUROUX
41%
24/03/1989 - 25/06/1995 Robert VIGOUROUX
41%
07/05/1986 - 17/05/1986 Jean-Victor CORDONNIER
6%
Aucun quiz correspondant
Distribution des résultats
% des personnes avec chaque résultat
Percentile par nombre de réponses
Votre historique - résultats
Vous n’avez pas pris ce quiz depuis la dernière actualisation